Modern Laboratory Appliances for Chemical - Metallurgical - Biological Laboratories (Record no. 4025)

MARC details
000 -CABECERA
campo de control de longitud fija 00605nam a2200205 a 4500
001 - NÚMERO DE CONTROL
campo de control BRCA_4314
005 - FECHA Y HORA DE LA ÚLTIMA TRANSACCIÓN
campo de control 20190320204626.0
008 - DATOS DE LONGITUD FIJA--INFORMACIÓN GENERAL
campo de control de longitud fija 250610s1949----u--#######---#000-0#eng-#
041 ## - CÓDIGO DE LENGUA
Código de lengua del texto/banda sonora o título independiente eng
044 ## - CÓDIGO DEL PAÍS DE LA ENTIDAD EDITORA/PRODUCTORA
Código MARC del país u
050 #4 - SIGNATURA TOPOGRÁFICA DE LA BIBLIOTECA DEL CONGRESO
Número de clasificación Q183
Número de documento/Ítem .M63 1949
245 10 - MENCIÓN DE TÍTULO
Título Modern Laboratory Appliances for Chemical - Metallurgical - Biological Laboratories
Mención de responsabilidad, etc. Fisher Scientific Company and Eimer and Amend.
260 ## - PUBLICACIÓN, DISTRIBUCIÓN, ETC.
Lugar de publicación, distribución, etc. Chicago
Nombre del editor, distribuidor, etc. R. R. Donnelley
Fecha de publicación, distribución, etc. 1949
300 ## - DESCRIPCIÓN FÍSICA
Extensión 1029 p.
Dimensiones 27 cm.
500 ## - NOTA GENERAL
Nota general CEF110
650 14 - PUNTO DE ACCESO ADICIONAL DE MATERIA--TÉRMINO DE MATERIA
Término de materia o nombre geográfico como elemento de entrada Laboratorios
9 (RLIN) 11069
710 2# - PUNTO DE ACCESO ADICIONAL--NOMBRE DE ENTIDAD CORPORATIVA
Nombre de entidad corporativa o nombre de jurisdicción como elemento de entrada Fisher Scientific Company
9 (RLIN) 11070
902 ## - CATALOGADOR
Iniciales GFM
942 ## - ELEMENTOS DE PUNTO DE ACCESO ADICIONAL (KOHA)
Fuente del sistema de clasificación o colocación Library of Congress Classification
Tipo de ítem Koha Libros
Holdings
Estado de retiro Estado de pérdida Estado dañado No para préstamo Localización permanente Ubicación/localización actual Fecha de adquisición Número de inventario Total de préstamos Signatura topográfica completa Código de barras Fecha visto por última vez Precio válido a partir de Tipo de ítem Koha
El ejemplar forma parte de la colección y puede ser consultado según las políticas vigentes.       Biblioteca del Museo Franz Mayer (Rogerio Casas-Alatriste) Biblioteca del Museo Franz Mayer (Rogerio Casas-Alatriste) 24/06/2010 CEF110   Q183 .M63 1949 (CEF110) 4311 22/03/2019 22/03/2019 Libros